[Event "RUS-ch"]
[Site "Elista"]
[Date "1994.??.??"]
[Round "5"]
[White "Tunik, Gennady"]
[Black "Tseshkovsky, Vitaly"]
[Result "1-0"]
[WhiteElo "2450"]
[BlackElo "2525"]
[Annotator "Kharitonov,A"]
[PlyCount "69"]
[EventDate "1994.09.??"]
[EventType "swiss"]
[EventRounds "11"]
[EventCountry "RUS"]
[SourceTitle "CBM 044"]
[Source "ChessBase"]
[SourceDate "1995.02.01"]
[SourceVersion "1"]
[SourceVersionDate "1995.02.01"]
[SourceQuality "1"]

1. d4 d6 2. c4 e5 3. Nf3 e4 4. Ng5 f5 5. Nc3 Be7 6. Nh3 c6 7. d5 (7. g3 Nf6 8.
Bg2 O-O 9. O-O Na6 10. d5 (10. f3 $5 d5 (10... exf3 11. exf3 d5 12. cxd5 Nxd5
13. Nxd5 Qxd5 $13) 11. cxd5 cxd5 12. Qb3 Qb6 13. Qxb6 axb6 14. Bg5 Be6 15. Nf4
Bf7 16. a3 $16 {Illescas Cordoba,M-Lautier,J/Linares/1994/1:0/39/}) 10... Kh8 (
10... c5 11. f3 exf3 12. exf3 Nc7 13. Re1 (13. a3 $1 {/\b4+/- Lautier/}) 13...
Re8 14. Qc2 Bd7 $13 {Lautier,J-Magem Badals,J/Pamplona/1992/1:0/36/}) 11. Kh1
Bd7 12. f3 cxd5 13. cxd5 Qb6 14. Nf4 Rae8 15. b3 $14 {Pinter,J-Apeelman,J/
Debrecen/1992/1:0/56/}) 7... Nf6 8. g3 Nbd7 9. Bg2 Ne5 $1 10. b3 O-O (10... Qa5
11. Bd2 Qb6 $5 $13) 11. O-O Kh8 (11... c5 $5 12. f3 exf3 13. exf3 Ne8 14. f4 (
14. Nf4 Nc7 $10) 14... Nf7 $10) 12. f3 Qa5 (12... exf3 13. exf3 cxd5 $6 (13...
c5 $5 14. Nf4 Ne8 15. Ne6 Bxe6 16. dxe6 Nc7 17. f4 Nc6 18. Re1 Bf6 19. Bb2 Re8
$13) 14. Nxd5 Nxd5 15. Qxd5 Bf6 16. Be3 {/\Rad1/}) 13. Qd2 (13. Bd2 Qc5+ 14.
Kh1 cxd5 15. cxd5 Nxd5 16. Nxd5 Qxd5 17. fxe4 fxe4 18. Rxf8+ Bxf8 19. Nf4 Qd4
20. e3 Qb6 21. Bxe4 Bg4 $13) 13... cxd5 14. cxd5 (14. Nxd5 Qxd2 15. Bxd2 Nxd5
16. cxd5 exf3 17. exf3 Bd7 18. Nf4 Rfc8 19. Rac1 Kg8 $10) 14... Bd8 $1 15. Kh1
(15. fxe4 Bb6+ 16. Kh1 fxe4 17. Nxe4 $2 Bxh3 $19) 15... Bd7 (15... Bb6 $5) 16.
Bb2 (16. fxe4 Rc8 17. Bb2 fxe4 18. Nxe4 Qxd2 19. Nxd2 Rc2 20. Bxe5 dxe5 21. Nc4
Rxe2 22. Rfe1 Rxe1+ 23. Rxe1 Bxh3 24. Bxh3 Nxd5 25. Nxe5 Bc7 $10) 16... Bb6 17.
Ng5 e3 (17... exf3 18. exf3 Rae8 19. Rae1 Qa6 $5 $13 {>< d3}) 18. Qd1 Rae8 19.
Rc1 Nf7 (19... f4 $2 20. gxf4 Ng6 21. Nce4 Nxe4 22. Nxe4 Nxf4 23. Nxd6 Re7 24.
Nc4 Qxd5 25. Qxd5 Nxd5 26. Ba3 $18) (19... h6 $5 20. Ne6 Bxe6 21. dxe6 Rxe6 22.
Bh3 $44) 20. Ne6 $1 $8 (20. Nxf7+ Rxf7 $17) 20... Bxe6 21. dxe6 Rxe6 22. Na4 $1
$44 Bd8 23. Rc8 Ree8 24. Qd3 a6 25. Bc3 Qb5 26. Rd1 $1 (26. Qxb5 $2 axb5 27.
Nb2 Nd5 28. Rd1 Nxc3 29. Rxc3 Bf6 30. Rc2 Rc8 31. Rdc1 Rc6 $5 $17) 26... Qd7 (
26... Qxd3 27. Rxd3 b5 28. Nb2 $16) 27. Ra8 b5 28. Bxf6 $1 (28. Nb2 Qb7 29. f4
Ne4 30. Qd4 Bf6 31. Rxe8 Rxe8 32. Qxe3 Bxc3 $19) 28... Bxf6 29. Rxe8 Qxe8 $2 (
29... Rxe8 30. Nb6 Qe6 31. Nd5 Bd8 32. f4 Nh6 33. Bf3 $44) 30. Nb6 $16 Qe5 $4 (
30... Qe6 31. Nd5 Rc8 32. f4 Nh6 33. Bf3 $16) 31. Nd7 $18 Qe7 32. Nxf8 Qxf8 33.
Qxe3 g6 34. f4 Kg7 35. Bd5 1-0

[Event "RUS-Cup2"]
[Site "Moscow"]
[Date "1996.??.??"]
[Round "2"]
[White "Donchenko, Anatoly G"]
[Black "Najer, Evgeniy"]
[Result "0-1"]
[WhiteElo "2370"]
[BlackElo "2480"]
[Annotator "Kharitonov,A"]
[PlyCount "60"]
[EventDate "1996.11.28"]
[EventType "swiss"]
[EventRounds "9"]
[EventCountry "RUS"]
[SourceTitle "CBM 056 Extra"]
[Source "ChessBase"]
[SourceDate "1997.03.01"]
[SourceVersion "1"]
[SourceVersionDate "1997.03.01"]
[SourceQuality "1"]

1. c4 e5 2. Nc3 Bb4 3. Nd5 Ba5 4. b4 c6 5. bxa5 cxd5 6. cxd5 Nf6 (6... Qxa5 7.
e4 Nf6 8. f3 d6 9. Ne2 O-O 10. Ng3 (10. Bb2 Na6 11. Bc3 Qa3 12. d4 Nd7 13. Qb3
Qxb3 14. axb3 f5 15. exf5 Nc7 16. dxe5 Nxe5 17. Bxe5 dxe5 18. Ng3 $14 {Lalic,
B-Ivanov,Al/Maidstone/1994/1|0/37/}) 10... Bd7 11. Bb2 Rc8 12. a4 Na6 13. Be2
Nc5 $6 (13... Rc7 $5 14. Bc3 Rxc3 15. dxc3 Qxc3+ 16. Kf1 Rc8 $44) 14. Bc3 Qd8
15. a5 $1 $14 {Lautier,J-Torre,E/Manila(olm)/1992/1|0/50/}) 7. e4 (7. Qb3 Qxa5
8. Qg3 O-O 9. Qxe5 Nc6 10. Qc3 Qxd5 11. Bb2 d6 12. Nf3 Re8 13. e3 Ne5 14. Nd4
Bd7 $17 {Zaichik,G-Malaniuk,V/Tallinn/1981/}) 7... Qxa5 8. f3 O-O 9. Qb3 d6 10.
Ba3 Ne8 11. Ne2 $5 {N/} (11. Rc1 Na6 (11... Qd8 $5 12. Bd3 b6 13. Ne2 Nd7 $22
14. O-O Nc5 $10 {Goldin,A/}) 12. Qc3 Qb6 13. Bd3 f5 14. exf5 Bxf5 15. Rb1 Qd8
16. Bxf5 Rxf5 17. Ne2 $6 (17. Rxb7 $5 Nc5 18. Bxc5 dxc5 19. Ne2 Qxd5 20. Rb2
$10 {Goldin,A/}) 17... Rc8 18. Qd3 Rf7 $15 {Palatnik,S-Goldin,A/Banja Vrucica/
1991/0|1/33/}) 11... f5 12. Nc3 Qd8 13. exf5 (13. d3 Qh4+ (13... Nd7 $13) 14.
g3 Qh5 $13 (14... Qh6 $13)) 13... Bxf5 (13... Rxf5 $22 14. Bd3 Rh5 $13) 14.
Qxb7 Nd7 $44 15. Qa6 (15. Be2 Rb8 16. Qa6 Qh4+ 17. g3 Qh3 18. Bf1 Qh5 19. Bg2
Qg6 $44) 15... Nb6 (15... Qh4+ $5 16. g3 Qh6 $44) 16. Qa5 $2 (16. Be2 Qh4+ 17.
g3 Qh3 18. Bf1 Qh5 19. Bg2 Qg6 $44) (16. g3 Qd7 17. Bg2 Rc8 $13) 16... Qh4+ 17.
g3 Qh5 18. Be2 (18. Bg2 Bd3 $17) 18... Bd3 $1 $17 19. O-O (19. Bd1 Nc4 20. Qa4
Qh3 $19) (19. Bxd3 Qxf3 20. Rf1 (20. Be4 Qf2+ 21. Kd1 Nc4 $19) 20... Qxd3 21.
Rxf8+ Kxf8 $17) 19... Nc4 20. Qb4 a5 $1 21. Qb7 Bxe2 22. Nxe2 (22. Qxa8 Bxf1
23. Rxf1 Nxd2 $19) 22... Nxd2 $1 $19 23. Rf2 (23. Qxa8 Nxf3+ 24. Rxf3 Qxf3 25.
Qxa5 (25. Qa6 Qxa3 $19) 25... Qf2+ 26. Kh1 Qxe2 $19) 23... Nxf3+ 24. Kh1 Nf6
25. Bxd6 Ne4 $1 26. Bxf8 Nxf2+ 27. Kg2 Qxh2+ (27... Rxf8 $19) 28. Kxf3 Rxf8+
29. Ke3 Qh6+ 30. Nf4 exf4+ (30... Ng4+ $19) (30... exf4+ 31. Kxf2 Qh2+ $19) 0-1

[Event "Linares 12th"]
[Site "Linares"]
[Date "1994.??.??"]
[Round "9"]
[White "Illescas Cordoba, Miguel"]
[Black "Lautier, Joel"]
[Result "1-0"]
[WhiteElo "2590"]
[BlackElo "2625"]
[Annotator "Kharitonov,A"]
[PlyCount "77"]
[EventDate "1994.02.??"]
[EventType "tourn"]
[EventRounds "13"]
[EventCountry "ESP"]
[EventCategory "18"]
[SourceTitle "CBM 040"]
[Source "ChessBase"]
[SourceDate "1994.06.01"]
[SourceVersion "1"]
[SourceVersionDate "1994.06.01"]
[SourceQuality "1"]

1. c4 {Ribli} e5 2. Nc3 d6 3. Nf3 f5 4. d4 e4 5. Ng5 Be7 6. Nh3 c6 7. g3 Nf6 8.
Bg2 O-O 9. O-O Na6 10. f3 d5 $6 $146 (10... exf3 $5 11. exf3 (11. Bxf3 Nc7 $10)
11... d5 $5 (11... Nc7 12. d5 c5 13. Re1 $14) 12. cxd5 Nxd5 13. Nxd5 Qxd5 14.
f4 Qd8 $13) (10... Nc7 $5 11. fxe4 fxe4 12. d5 b5 13. dxc6 bxc4 $13 {Portish,
L-Gulko,B/Biel(izt)/1993/1:0 (24)}) 11. cxd5 cxd5 (11... exf3 12. Bxf3 cxd5 13.
Nf4 Nc7 14. Qb3 $16) 12. Qb3 Qb6 (12... Kh8 13. Bg5 Nc7 (13... h6 {Ribli} 14.
Bxf6 Bxf6 15. Rad1 $14) 14. Nf4 $16) 13. Qxb6 axb6 14. Bg5 $16 Be6 15. Nf4 Bf7
16. a3 (16. Rad1 {Ribli} Nb4 17. a3 Nc2 $13) 16... Rfd8 (16... Nc7 17. Rac1 Ne6
$6 18. Nxe6 (18. Bxf6 $1 Bxf6 19. Nfxd5 Bxd4+ 20. e3 $16) 18... Bxe6 $14) (
16... Rad8 $5 {Ribli}) 17. Bh3 g6 (17... exf3 $2 18. exf3 g6 19. Rfe1 Kf8 20.
Rxe7 Kxe7 21. Re1+ $18) (17... h6 {Ribli} 18. Bxf6 Bxf6 19. Rad1 g5 20. Ng2
exf3 21. exf3 $14) 18. g4 $1 fxg4 (18... exf3 19. exf3 fxg4 20. fxg4 $16) 19.
fxg4 Kg7 20. Bh4 {/\21.g5 Ng8 22.Ne6+-/} (20. Rf2 $6 {Ribli} h6 $13) 20... Rd6
21. Bg3 Rad8 22. Ng2 $1 Rc6 23. Rf2 Nd7 24. Raf1 Rf6 $2 (24... Be6 $2 25. Nf4
$18) (24... Bg8 $5 25. Ne3 Bxa3 26. g5 $1 (26. Ncxd5 Bxb2) (26. Nexd5 Bxb2) (
26. bxa3 $2 Rxc3 27. g5 $2 Rxe3 28. Bxd7 Rxg3+ $19) 26... Bxb2 $2 (26... Bd6
27. Ncxd5 Bxg3 28. hxg3 $16) (26... Nab8 27. bxa3 Rxc3 28. Bxd7 Nxd7 29. Ng4
Be6 30. Nh6 Bf5 $8 (30... Rcc8 31. Rf7+ $1 Bxf7 32. Rxf7+ Kh8 33. Re7 $1 {
/\34.Nf7 Kg8 35.Nd8 Rd8 36.Bc7+-/}) 31. Nxf5+ gxf5 32. Rxf5 $18) 27. Bxd7 Rxd7
28. Be5+ $18) (24... Bf6 {Ribli} 25. g5 Bxd4 26. e3 $18) 25. Nf4 $18 Rxf4 (
25... Nc7 26. g5 Rc6 27. Nh5+ $18) 26. Bxf4 Be6 27. Bg2 Bh4 28. Bg3 Bg5 29. Nd1
Bxg4 30. h4 Bf6 31. e3 Rc8 32. Nc3 Be6 33. Kh2 Rc6 34. Bh3 $1 Bxh3 35. Kxh3 Nc7
36. Bxc7 Rxc7 37. Nxd5 Rc6 38. Rf4 Re6 39. Nc3 1-0

[Event "Olympiad-34"]
[Site "Istanbul"]
[Date "2000.11.10"]
[Round "13.1"]
[White "Markowski, Tomasz"]
[Black "Sasikiran, Krishnan"]
[Result "0-1"]
[WhiteElo "2568"]
[BlackElo "2573"]
[Annotator "Konikowski,J"]
[PlyCount "54"]
[EventDate "2000.10.28"]
[EventType "team-swiss"]
[EventRounds "14"]
[EventCountry "TUR"]
[SourceTitle "EXT 2001"]
[Source "ChessBase"]
[SourceDate "2000.11.22"]
[SourceVersion "1"]
[SourceVersionDate "2000.11.22"]
[SourceQuality "1"]
[WhiteTeam "Poland"]
[BlackTeam "India"]
[WhiteTeamCountry "POL"]
[BlackTeamCountry "IND"]

1. g3 e5 2. c4 g6 3. Bg2 Bg7 4. Nc3 d6 5. d3 f5 6. e3 a5 7. Nge2 Nf6 8. O-O O-O
9. b3 c6 10. Ba3 (10. Bb2 Na6 11. Qd2 Bd7 12. Kh1 (12. Rad1 Re8 13. h3 Rc8 14.
Kh2 Kh8 15. f4 Nc5 16. e4 b5 17. fxe5 dxe5 18. cxb5 cxb5 19. Nd5 Nxd5 20. exd5
b4 21. Rfe1 Bb5 22. Nc1 Nd7 23. a3 bxa3 24. Bxa3 Nf6 25. d6 Bf8 26. Na2 Bxd6
27. Bxd6 Qxd6 28. Qxa5 Bxd3 29. Nc1 e4 $17 {0-1 Giardelli,S-Hernandez,G/Buenos
Aires 1998/}) 12... Rc8 13. Rae1 b5 14. e4 Nc5 15. cxb5 cxb5 16. exf5 Bxf5 17.
Ne4 b4 18. Rc1 Nfxe4 19. dxe4 Bd7 20. Rcd1 Bb5 21. Qe3 a4 22. Rfe1 Qb6 $17 {
Gurevich,M-Kasparov,G/Reggio Emilia 1992/}) 10... Na6 11. Rc1 $146 {[%mdl 8]} (
11. d4 Nb4 12. Qd2 Qc7 13. Bb2 Be6 14. a3 Na6 15. Rac1 Bf7 16. Rfd1 Rae8 17.
Qc2 e4 18. Bh3 h5 19. d5 Ng4 20. Bxg4 hxg4 21. Nb5 cxb5 22. Bxg7 Kxg7 23. Qb2+
Kh7 24. cxb5 Nc5 25. b4 axb4 26. axb4 Nd3 27. Rxd3 Qxc1+ 28. Qxc1 exd3 29. Nf4
Ra8 30. Qc3 Rfc8 31. Qf6 Rc7 32. Nxd3 Bxd5 33. b6 Rc2 34. e4 Bxe4 35. Qe7+ {
1/2-1/2 Ledger,A-Mestel,A/Hastings 1991/}) 11... Rb8 12. Bb2 Bd7 13. d4 e4 14.
d5 Qe7 15. dxc6 bxc6 16. Qd2 Rfd8 17. Rcd1 Be8 18. Na4 Nb4 19. Nc1 c5 20. Nc3
$2 (20. a3 $142 $5) 20... d5 $17 21. Nxd5 Nfxd5 22. Bxg7 Nc7 23. Bd4 Ne6 24.
Ne2 a4 25. Qb2 cxd4 $19 26. exd4 axb3 27. axb3 Nd3 (27... Nd3 28. Qc3 Qc7 $19)
0-1

[Event "EU-ch 6th"]
[Site "Warsaw"]
[Date "2005.06.19"]
[Round "2"]
[White "Wojtaszek, Radoslaw"]
[Black "Krysztofiak, Marcin"]
[Result "1-0"]
[WhiteElo "2569"]
[BlackElo "2401"]
[Annotator "Konikowski,J"]
[PlyCount "69"]
[EventDate "2005.06.18"]
[EventType "swiss"]
[EventRounds "13"]
[EventCountry "POL"]
[SourceTitle "CBM 108"]
[Source "ChessBase"]
[SourceDate "2005.09.26"]
[SourceVersion "1"]
[SourceVersionDate "2005.09.26"]
[SourceQuality "1"]

1. c4 e5 2. d3 g6 3. Nf3 Bg7 4. Nc3 Ne7 5. g3 O-O 6. Bg2 h6 (6... c6 7. Qb3 (7.
e4 d6 8. O-O h6 9. b4 Be6 10. Bb2 Nd7 11. Qe2 c5 12. b5 f5 13. exf5 gxf5 14.
Nh4 Rb8 {1/2-1/2 Vrkoc,D-Jandecka,T/Klatovy 1998/}) 7... h6 8. O-O d5 9. cxd5
cxd5 10. Nd2 d4 11. Nce4 Nbc6 12. Nc4 Rb8 13. a4 Be6 14. Qa3 b6 15. b4 Bxc4 16.
dxc4 f5 17. Nd2 e4 18. b5 Ne5 19. Bb2 Rc8 $13 {Hertneck,G-Sznapik,A/Pohja 1985/
}) 7. O-O d6 $146 {[%mdl 8]} (7... f5 8. Bd2 c6 9. Rc1 d5 10. cxd5 cxd5 11. b4
Be6 12. Qa4 e4 13. Ne1 Nbc6 14. b5 Ne5 15. Bf4 Qd7 16. Bxe5 Bxe5 17. d4 Bd6 18.
e3 Rfc8 19. Qb3 Rc4 $17 {Spinetti,P-Mariotti,S/Castelvecchio Pascoli 1977/}) 8.
Rb1 Be6 9. b4 Qc8 10. Re1 a6 11. a4 Bh3 12. Bh1 f5 13. Qb3 {[%cal Yb4b5]} f4
14. b5 axb5 15. axb5 Nd7 16. Ne4 Nf6 17. Nfd2 Ng4 $2 (17... fxg3 $142 18. fxg3
Nxe4 19. Nxe4 Qd8 $11) 18. b6 c5 (18... fxg3 19. hxg3 Ra6 20. bxc7 Qxc7 21.
Qxb7 Qxb7 22. Rxb7 $18) 19. Nxd6 Qd7 20. N6e4 (20. Nxb7 Nxf2 21. Qb5 $1 (21.
Kxf2 $4 fxg3+ 22. Kg1 (22. Kxg3 Qg4#) 22... gxh2+ 23. Kxh2 Rf2+ 24. Kg1 Qg4+
25. Kxf2 Qh4+ 26. Kg1 Qg3+ 27. Bg2 Qxg2#) 21... Qxb5 22. Rxb5 Nxh1 23. Nxc5
fxg3 24. b7 Rad8 25. hxg3 Nxg3 26. Kh2 $18) 20... Nc6 21. Bb2 (21. Nxc5 $5)
21... fxg3 22. hxg3 Qf5 23. Nf3 Qh5 (23... Nd4 24. Bxd4 exd4 25. Qb5 $18) 24.
Ra1 (24. Nxc5 $5) 24... Rxa1 25. Bxa1 Bf1 26. Bg2 Bxg2 27. Kxg2 Rxf3 28. exf3
$1 (28. Kxf3 $4 Nd4+ 29. Bxd4 exd4 30. Rg1 Ne3+ 31. g4 Qh3+ 32. Kf4 g5+ 33.
Nxg5 hxg5+ 34. Ke4 Qh6 35. Kf3 Qf6+ 36. Kg3 Qf4+ 37. Kh3 Qxf2 38. Rg3 Be5 39.
Rxe3 Qf1#) 28... Qh2+ 29. Kf1 Qh3+ 30. Ke2 Nh2 31. Qa3 (31. Rh1 $5 Nxf3 32.
Rxh3 Nfd4+ 33. Bxd4 Nxd4+ 34. Ke3 Nxb3 35. Nd6 $18) 31... Qg2 32. Qa8+ Kh7 33.
Nd2 Nb4 34. Qxb7 Ng4 35. Ne4 1-0

[Event "Tilburg Fontys"]
[Site "Tilburg"]
[Date "1996.10.13"]
[Round "3"]
[White "Lautier, Joel"]
[Black "Shirov, Alexei"]
[Result "1/2-1/2"]
[WhiteElo "2620"]
[BlackElo "2685"]
[Annotator "Lautier,J"]
[PlyCount "64"]
[EventDate "1996.10.11"]
[EventType "tourn"]
[EventRounds "11"]
[EventCountry "NED"]
[EventCategory "16"]
[SourceTitle "CBM 056"]
[Source "ChessBase"]
[SourceDate "1997.02.01"]
[SourceVersion "1"]
[SourceVersionDate "1997.02.01"]
[SourceQuality "1"]

1. c4 e5 2. Nc3 Bb4 3. Nd5 Be7 {This original retreat is another one of
Moldovan master Chebanenko's brainchildren. Alexey has been its most fervent
adept since the beginning, and this was my second try against him in this line.
} 4. d4 d6 5. Nf3 (5. e4 {was my choice in Las Palmas 1994 against the same
opponent.}) 5... e4 6. Nd2 f5 7. Nb1 {Very time-consuming but entirely
justified from the strategic point of view. The N on d2 is simply badly placed.
} Nf6 8. Nxe7 Qxe7 9. Nc3 O-O 10. Bg5 {/\ Nd5} Be6 11. e3 Nbd7 12. Be2 (12. d5
$6 {would be asking too much of White's position} Bf7 13. Nb5 h6 14. Bh4 g5 15.
Bg3 Ne5 $36 {when White's delay in development has taken worrisome proportions.
}) 12... c6 {[%csl Rd6,Gg5] Both aiming to prevent Nb5 and preparing ...Qf7
without fearing d5. I was nevertheless pleased to see this move, as the Bg5
perspectives are substantially enhanced by the weakening of the h2-b8 diagonal.
Moreover, White now disposes of a useful breaking point at d5, allowing him to
open the position at any moment for his two bishops.} (12... a6 13. O-O Qe8 {
was more purposeful, keeping White's edge to a minimum.}) 13. O-O Qf7 14. d5 (
14. b3 $5 {As Alexey remarked afterwards, it was also possible to play more
quietly. However, the pawn break looked so attractive that I didn't bother
checking other possibilities.} d5 15. c5 h6 16. Bf4 Ne8 (16... g5 $6 17. Bd6
Rfe8 18. f3 $16) 17. f3 Nef6 $14) 14... cxd5 15. Nb5 Ne5 $1 {Played fairly
quickly by Shirov. As he admitted, he didn't have any inclination to verify
whether 15...dc4 was possible, and his intuition served him right.} (15... dxc4
$6 16. Qxd6 $1 {/\ Nc7} (16. Nc7 $2 Rac8 17. Qxd6 Nc5 (17... Ne8 $5 18. Qxe6
Rxc7) 18. Bf4 Ne8 $17) 16... Rfc8 (16... Rac8 17. Nxa7 $5 $16) 17. Nd4 Nc5 18.
Rac1 $16 b5 $2 (18... Ne8 19. Qe5) 19. b4 $18) 16. Nxd6 (16. Bxf6 $6 Qxf6 17.
Nc7 Rac8 18. Nxd5 Qf7 $10) 16... Qg6 17. Bxf6 {This capture introduces a
forced sequence of moves after which it appears that Black has no serious
problems.} (17. Bf4 $1 {would keep Black under more pressure} Nxc4 (17... Nd3
$6 18. Bxd3 exd3 19. Qxd3 dxc4 20. Nxc4 Rfd8 21. Qe2 $16) (17... Nf3+ $6 18.
Kh1 $16) 18. Nxb7 $1 {Pointed out by Alexey after the game. White willingly
sacrifices a P for central domination} (18. Bxc4 $6 dxc4 19. Nxb7 Nh5 $1 20.
Be5 f4 $36) 18... Nxb2 19. Qd4 Nc4 (19... Nd3 $6 20. Bxd3 exd3 21. Nc5 $16 (21.
Qxd3 $2 d4 $36 {/\ Bd5})) 20. Nc5 Qe8 $1 (20... Bf7 $2 {>< Qg6} 21. Rab1 $16 {
/\ Rb7}) 21. Rab1 Bf7 $1 (21... Qc6 $6 22. Nxe6 (22. Rb7 $2 Rfc8 23. Bh6 Bf7 $1
$17) 22... Qxe6 23. Rb7 $16) 22. Rb7 Qc6 23. Rc7 (23. Rfb1 Rfc8 $132) 23... Qb6
$14 {White maintains an edge, but Black holds on.}) 17... Rxf6 18. cxd5 Bd7 19.
Nc4 $8 Nxc4 20. Bxc4 f4 {[%csl Rg2][%cal Yd7h3] This is the counterplay Black
had in mind earlier on. There is no doubt that he will gain the exchange, but
the passed d-P should still give him worries.} 21. exf4 Bh3 (21... Rxf4 $2 22.
Qb3 $1 $16) 22. g3 Rxf4 (22... Bxf1 $2 {would be a serious mistake, as White
would be able to win the e4-P} 23. Bxf1 Rxf4 24. Bg2 Rff8 25. Qd4 $16 {/\ Re1,
>< e4}) 23. d6+ (23. Qd4 Bxf1 $1 24. Rxf1 (24. Bxf1 $6 Raf8 $36) 24... Kh8 $13)
23... Kh8 24. Qd5 {[%csl Gd6,Rf2] It seems at first sight that the advanced
passed-P should give White the upper hand, but Black has sufficient resources
in view of the weak f2-P.} Bxf1 (24... Qg4 $5 {would in fact force a draw
straight away} 25. Qe6 $1 $8 Rf5 $1 (25... Qh5 $2 26. Be2 $1 $16) 26. Rae1 (26.
Rfe1 $4 Qf3 27. Bf1 (27. Qxe4 Qxf2+ 28. Kh1 Re5 $1 $19) 27... Qxf2+ 28. Kh1
Qxf1+ 29. Rxf1 Rxf1+ 30. Rxf1 Bxe6 $19) 26... Bxf1 27. Bxf1 Qf3 28. Re2 e3 $1
29. Qxe3 Qxe3 30. Rxe3 Rd5 $10) 25. Bxf1 Rff8 $1 26. Rd1 Rad8 27. Bg2 (27. Bh3
$2 e3 28. fxe3 Qh6 $1 $40) (27. d7 $6 Qf6 $1 28. Qd4 (28. Rd2 $2 e3) 28... Qf5
$1 {/\ Rf7}) 27... Qf6 $11 28. Rd2 (28. Qd4 Qe6 29. Qd5 (29. Bxe4 $6 Rf6 30. d7
Rf7 $15) 29... Qf6 $10) 28... e3 $5 {An elegant way to force the draw, but
Black had secured equality anyway} (28... Rf7 {/\ Rfd7} 29. Bh3 Qh6 30. Qxf7
Qxd2 31. d7 Qc1+ (31... Qd1+ $6 32. Kg2 Qf3+ 33. Qxf3 exf3+ 34. Kxf3 Kg8 35.
Be6+ Kf8 36. Ke4 Ke7 37. Ke5 b5 38. f4 b4 39. f5 Rb8 40. Kd5 $14) 32. Kg2 Qc6
$1 33. Kg1 $10) 29. fxe3 Qh6 $1 30. Rd3 (30. Qd4 $4 Rxd6 $1 31. Qxd6 Qxe3+ 32.
Kh1 Qe1+ $19) (30. Qe5 {was a bit more testing} Rde8 31. Rf2 Rg8 $1 32. Qf4
Rxe3 33. Qxh6 Re1+ $1 34. Bf1 gxh6 35. Rd2 Rf8 36. d7 Rexf1+ 37. Kg2 R1f7 38.
d8=Q Rxd8 39. Rxd8+ Kg7 $10) 30... Qf6 31. Rd2 Qh6 32. Rd3 Qf6 1/2-1/2

[Event "Pamplona 9293 3rd"]
[Site "Pamplona"]
[Date "1992.??.??"]
[Round "7"]
[White "Lautier, Joel"]
[Black "Magem Badals, Jordi"]
[Result "1-0"]
[WhiteElo "2580"]
[BlackElo "2510"]
[Annotator "Lautier,J"]
[PlyCount "71"]
[EventDate "1992.12.??"]
[EventType "tourn"]
[EventRounds "9"]
[EventCountry "ESP"]
[EventCategory "13"]
[SourceTitle "CBM 033"]
[Source "ChessBase"]
[SourceDate "1993.04.01"]
[SourceVersion "1"]
[SourceVersionDate "1993.04.01"]
[SourceQuality "1"]

1. c4 {Ribli} e5 2. Nc3 d6 3. Nf3 f5 4. d4 e4 5. Ng5 c6 6. g3 Be7 7. Nh3 Nf6 8.
Bg2 O-O 9. O-O Na6 (9... Kh8 {Ribli} 10. d5 Nbd7 11. b3 Ne5 12. Bb2 Qe8 13. Qd2
Bd7 14. Rad1 a5 15. Nf4 $14 {Lautier,J-Kramnik,V Chalkidiki 1992 CBM/32 55/23})
10. d5 c5 $6 11. f3 exf3 12. exf3 Nc7 13. Re1 (13. a3 $1 $16 {/\ b4}) 13... Re8
14. Qc2 Bd7 15. a4 $6 Nh5 $1 16. Be3 Bf6 {/\ Re3, Bd4.} 17. Kh1 g6 18. f4 Ng7
19. Ng5 h6 20. Nf3 Na6 (20... a5 $5 $14) 21. Nb5 $1 Nb4 22. Qd2 a6 $2 (22...
Qb8 23. Ne5 $5 Bxb5 (23... dxe5 $2 24. Bxc5 Bxb5 25. Qxb4 $1 Bd7 26. Bd6 $16)
24. axb5 dxe5 25. Bxc5 a5 26. fxe5 Rxe5 27. Rxe5 Bxe5 28. d6 $44) (22... Qb8 {
Ribli /\ a6}) 23. Nxd6 Rxe3 24. Rxe3 Qc7 25. Nf7 $1 Kxf7 26. Ne5+ Kg8 (26...
Bxe5 {Ribli} 27. fxe5 $16) 27. d6 Qd8 28. Nxg6 $16 Bc6 (28... Bd4 $5 {Ribli})
29. Ne5 $1 (29. Ne7+ $6 Kh7 30. Nxc6 Nxc6 $13) 29... Bxg2+ 30. Kxg2 Ne6 $2 {
Zeitnot} (30... Qb6 31. Rd1 Rd8 32. d7 $16) 31. Ng4 $1 Nxf4+ (31... Nd4 32.
Re8+ $1 $18 (32. Re8+ {Ribli} Qxe8 33. Nxf6+ $18)) 32. gxf4 fxg4 33. d7 $1 Qb6
(33... Qf8 34. Rae1 $18) 34. Re8+ Kf7 35. Rxa8 Qc6+ 36. Kg1 1-0